Element Symbol Origins - Statistics

General Stats
  • This quiz has been taken 5 times
  • The average score is 4 of 11
Answer Stats
Element Symbol Old Name % Correct
Iron Fe Ferrum
80%
Silver Ag Argentum
60%
Gold Au Aurum
60%
Sodium Na Natrium
60%
Copper Cu Cuprum
40%
Mercury Hg Hydrargyrum
40%
Lead Pb Plumbum
40%
Tungsten W Wolfram
40%
Potassium K Kalium
20%
Tin Sn Stannum
0%
Antimony Sb Stibium
0%
No matching quizzes found
Score Distribution
Percent of People with Each Score
Percentile by Number Answered
Your Score History
You have not taken this quiz